=LDR 00000nam 2200000 4500 =001 NUTBA000000000002800 =005 20140630112232.0 =006 =007 =008 =020 ##$$a 978-979-665-655-4 =035 ##$$0010-061400000000743 =040 ##$$a NBPDMAT =082 ##$$a 635.642 =090 ##$$a 635.642 $b Bag s =100 ##$$a Bagus Herdy Firmanto =245 ##$$a Sukses bertanam tomat secara organik / $c Bagus Herdy Firmanto =260 ##$$a Bandung : $b Angkasa, $c 2011 =300 ##$$a vii, 82 hlm. : $b ilus. ; $c 25 cm. =650 ##$$a Tomat =990 ##$$a 21403827 =990 ##$$a 21602284/BPAP-NTB/2017